Directorio de Centros de Investigación Científica y Tecnológica en América Latina y el Caribe, España y Portugal 1996
Guardat en:
| Autor corporatiu: | |
|---|---|
| Format: | Text |
| Publicat: |
Montevideo:
Unesco. Programa de Gestión Tecnológica e Ingeniería
|
| Etiquetes: |
Afegir etiqueta
Sense etiquetes, Sigues el primer a etiquetar aquest registre!
|
MARC
| LEADER | 00000 a a2200000 04500 | ||
|---|---|---|---|
| 001 | 27188 | ||
| 003 | |||
| 040 | |||
| 020 | |a 92-9089-046-0 | ||
| 090 | |a 18390Referencia18390Referencia | ||
| 110 | |a UNESCO | ||
| 245 | |a Directorio de Centros de Investigación Científica y Tecnológica en América Latina y el Caribe, España y Portugal 1996 | ||
| 260 | |a Montevideo: |b Unesco. Programa de Gestión Tecnológica e Ingeniería | ||
| 300 | |a 178 p. |b map. | ||
| 999 | |c 10235 |d 10235 | ||



